Yajur veda / (Record no. 126178)
[ view plain ]
| 000 -LEADER | |
|---|---|
| fixed length control field | 00837nam a22002777a 4500 |
| 005 - DATE AND TIME OF LATEST TRANSACTION | |
| control field | 20170124110006.0 |
| 010 ## - LIBRARY OF CONGRESS CONTROL NUMBER | |
| LC control number | A-544088 |
| 020 ## - INTERNATIONAL STANDARD BOOK NUMBER | |
| Terms of availability | 00.00 |
| 035 ## - SYSTEM CONTROL NUMBER | |
| System control number | A-544088 |
| 037 ## - SOURCE OF ACQUISITION | |
| Source of stock number/acquisition | Cen Lib/Ret |
| 040 ## - CATALOGING SOURCE | |
| Original cataloging agency | DPL |
| Language of cataloging | EN |
| 082 ## - DEWEY DECIMAL CLASSIFICATION NUMBER | |
| Classification number | 220.21 |
| Item number | DEB |
| 100 ## - MAIN ENTRY--PERSONAL NAME | |
| Personal name | Debroy, Bibek |
| 9 (RLIN) | 89922 |
| 245 ## - TITLE STATEMENT | |
| Title | Yajur veda / |
| Statement of responsibility, etc | by Bibek Debroy [and] Dipavali Debroy |
| 246 ## - VARYING FORM OF TITLE | |
| Remainder of title | |
| 260 ## - PUBLICATION, DISTRIBUTION, ETC. (IMPRINT) | |
| Name of publisher, distributor, etc | Delhi |
| Place of publication, distribution, etc | Books for all |
| 270 ## - ADDRESS | |
| City | Delhi |
| 300 ## - PHYSICAL DESCRIPTION | |
| Extent | 105p. |
| Dimensions | 19cm(Hb) |
| 490 ## - SERIES STATEMENT | |
| Series statement | Great epics of India : veda |
| Volume number/sequential designation | 2 |
| 650 ## - SUBJECT ADDED ENTRY--TOPICAL TERM | |
| Topical term or geographic name as entry element | Hunduism |
| 9 (RLIN) | 89923 |
| 650 ## - SUBJECT ADDED ENTRY--TOPICAL TERM | |
| Topical term or geographic name as entry element | Vedas |
| 9 (RLIN) | 89924 |
| 650 ## - SUBJECT ADDED ENTRY--TOPICAL TERM | |
| Topical term or geographic name as entry element | पुस्तकालय विज्ञान |
| General subdivision | ज्ञान के ब्रह्मांड |
| 9 (RLIN) | 89925 |
| 650 ## - SUBJECT ADDED ENTRY--TOPICAL TERM | |
| Topical term or geographic name as entry element | शोध पद्धति |
| 9 (RLIN) | 89926 |
| 700 ## - ADDED ENTRY--PERSONAL NAME | |
| Personal name | Debroy, Dipavli |
| 9 (RLIN) | 89927 |
| 942 ## - ADDED ENTRY ELEMENTS (KOHA) | |
| Source of classification or shelving scheme | Dewey Decimal Classification |
| Koha item type | English Books |
| Classification part | 220.21 |
| Call number suffix | DEB |
| Withdrawn status | Lost status | Source of classification or shelving scheme | Damaged status | Not for loan | Home library | Current library | Date acquired | Source of acquisition | Cost, normal purchase price | Total Checkouts | Total Renewals | Full call number | Barcode | Date last seen | Date checked out | Copy number | Cost, replacement price | Price effective from | Koha item type |
|---|---|---|---|---|---|---|---|---|---|---|---|---|---|---|---|---|---|---|---|
| Dewey Decimal Classification | Central Library | Central Library | 24/06/2015 | Cen Lib/Ret | 0.00 | 1 | 1 | 220.21 DEB | A-544088 | 15/06/2019 | 16/05/2019 | 1 | 0.00 | 24/06/2015 | English Books |
